Физические основы традиционной и альтернативной энергетики: учебное пособие

Λεπτομέρειες βιβλιογραφικής εγγραφής
Κύριος συγγραφέας: Тетельмин В. В. Владимир Владимирович
Άλλοι συγγραφείς: Язев В. А. Валерий Афанасьевич
Περίληψη:В книге рассмотрены физические основы технологий производства тепловой и электрической энергии из природного топ­лива, получения энергии с помощью ядерных технологий и гид­роэнергетики, а также основы использования возобновляемых источников энергии. Дается описание способов производства и использования метанола и водорода, которые не являются само­стоятельными источниками энергии, но являются удобными теп­лоносителями. Описана история главных физических открытий, которые заложили основу развития современной энергетики, при этом уделяется внимание проблемам обеспечения экологичес­кой безопасности.Учебное пособие предназначено для студентов инженерно-физических, энергетических и экологических специальностей, а также широкого круга специалистов энергетической отрасли.
Γλώσσα:Ρωσικά
Έκδοση: Долгопрудный, Интеллект, 2016
Θέματα:
Μορφή: MixedMaterials Βιβλίο
KOHA link:https://koha.lib.tpu.ru/cgi-bin/koha/opac-detail.pl?biblionumber=312100

MARC

LEADER 00000nam0a2200000 4500
001 312100
005 20231102002443.0
010 |a 9785915592116 
035 |a (RuTPU)RU\TPU\book\337467 
090 |a 312100 
100 |a 20151217d2016 m y0rusy50 ca 
101 0 |a rus 
102 |a RU 
105 |a a j 001zy 
200 1 |a Физические основы традиционной и альтернативной энергетики  |e учебное пособие  |f В. В. Тетельмин, В. А. Язев 
210 |a Долгопрудный  |c Интеллект  |d 2016 
215 |a 176 с.  |c ил. 
320 |a Библиогр.: с. 174-175. 
330 |a В книге рассмотрены физические основы технологий производства тепловой и электрической энергии из природного топ­лива, получения энергии с помощью ядерных технологий и гид­роэнергетики, а также основы использования возобновляемых источников энергии. Дается описание способов производства и использования метанола и водорода, которые не являются само­стоятельными источниками энергии, но являются удобными теп­лоносителями. Описана история главных физических открытий, которые заложили основу развития современной энергетики, при этом уделяется внимание проблемам обеспечения экологичес­кой безопасности.Учебное пособие предназначено для студентов инженерно-физических, энергетических и экологических специальностей, а также широкого круга специалистов энергетической отрасли. 
606 1 |a Источники энергии альтернативные  |x Использование  |2 stltpush  |3 (RuTPU)RU\TPU\subj\13295  |9 39927 
610 1 |a энергия 
610 1 |a энергетика 
610 1 |a солнечная энергия 
610 1 |a биосфера 
610 1 |a круговорот 
610 1 |a движение 
610 1 |a лунно-солнечные приливы 
610 1 |a энергоносители 
610 1 |a ископаемые топлива 
610 1 |a гидроэнергетика 
610 1 |a ядерная энергетика 
610 1 |a ветровая энергетика 
610 1 |a геотермальная энергетика 
610 1 |a биоэнергетика 
610 1 |a углеводороды 
610 1 |a электрическая энергия 
610 1 |a аккумулирование 
610 1 |a хранение 
610 1 |a распределение 
610 1 |a учебные пособия 
675 |a 620.92(075.8)  |v 4 
700 1 |a Тетельмин  |b В. В.  |g Владимир Владимирович 
701 1 |a Язев  |b В. А.  |g Валерий Афанасьевич 
801 1 |a RU  |b 63413507  |c 20151217 
801 2 |a RU  |b 63413507  |c 20160303  |g RCR 
900 |a Энергетика 
900 |a Физико-технические основы возобновляемой энергетики 
942 |c BK 
959 |a 133/20151027  |d 3  |e 792,00  |f ЧЗТЛ:1  |f УФ:2